[Event "SR 5. liga SE-SI 2014/2015"]
[Site "?"]
[Date "2015.01.10"]
[Round "6.2"]
[White "Nesnadny, Tomas"]
[Black "Sefcik, Oliver"]
[Result "0-1"]
[WhiteElo "1000"]
[BlackElo "1000"]
[PlyCount "89"]
[EventDate "2014.??.??"]

1. e4 e5 2. Bc4 Nf6 3. d3 Bc5 4. Be3 Bb6 5. Nf3 Nc6 6. O-O d6 7. Nc3 Bg4 8. Nd5
O-O 9. h3 Bh5 10. Qe1 Nd4 11. Nxb6 axb6 12. Nxd4 exd4 13. Bxd4 c5 14. Be3 Qd7
15. c3 b5 16. Bb3 Rac8 17. d4 c4 18. Bc2 Rfe8 19. Rd1 Nxe4 20. Bxe4 Bxd1 21.
Qxd1 Rxe4 22. Re1 Rce8 23. Rf1 Qc6 24. Qd2 R8e6 25. Kh1 Rg6 26. Rg1 d5 27. f3
Ree6 28. b3 Qc7 29. Bf4 Qe7 30. a4 Re2 31. Qd1 Rge6 32. Qf1 Qa3 33. Be5 Rc2 34.
Qe1 cxb3 35. Qg3 f6 36. Qg4 Re7 37. Qc8+ Kf7 38. Bd6 Qxd6 39. axb5 b2 40. Qa8
Rc1 41. Qa2 Re2 42. Rf1 Qg3 43. Rg1 b1=Q 44. Qxb1 Rxb1 45. Rxb1 0-1

[Event "SR 5. liga SE-SI 2014/2015"]
[Site "?"]
[Date "2015.01.10"]
[Round "6.2"]
[White "Daniel, Dusan"]
[Black "Jankovic, Vit"]
[Result "1-0"]
[WhiteElo "1000"]
[BlackElo "1000"]
[PlyCount "82"]
[EventDate "2014.??.??"]

1. e4 e5 2. Nf3 Nc6 3. Bc4 Nf6 4. Ng5 d5 5. Bb5 Nxe4 6. Nxe4 dxe4 7. Nc3 Bd7 8.
Nxe4 Qh4 9. d3 O-O-O 10. Be3 Be7 11. c3 a6 12. Qa4 Nb8 13. Bxd7+ Nxd7 14. b4
Nb6 15. Bxb6 cxb6 16. b5 Rxd3 17. Qc4+ Bc5 18. Nd6+ Rxd6 19. Qxh4 axb5 20. O-O
Re8 21. Rad1 Red8 22. Rxd6 Rxd6 23. Qg4+ Kc7 24. Rd1 g6 25. Rxd6 Kxd6 26. Qd1+
Ke6 27. Qb3+ Kd6 28. Qxf7 b4 29. cxb4 Bxb4 30. Qf8+ Kc6 31. Qxb4 b5 32. Qe7 b6
33. Qxe5 Kb7 34. Qxb5 h6 35. a4 g5 36. a5 h5 37. Qxb6+ Kc8 38. a6 Kd7 39. a7
Kc8 40. a8=Q+ Kd7 41. Qab7+ Ke8 1-0

[Event "SR 5. liga SE-SI 2014/2015"]
[Site "?"]
[Date "2015.01.10"]
[Round "6.3"]
[White "Antalek, Rudolf"]
[Black "Kubis, Ivan"]
[Result "1-0"]
[WhiteElo "1532"]
[BlackElo "1991"]
[PlyCount "87"]
[EventDate "2014.??.??"]

1. e4 e5 2. Nf3 Nc6 3. Bc4 Nf6 4. d4 exd4 5. O-O Nxe4 6. Nc3 Nxc3 7. bxc3 Be7
8. cxd4 d5 9. Re1 O-O 10. Bd3 Bg4 11. c3 h6 12. Rb1 Rb8 13. Bf4 Bd6 14. Bxd6
Qxd6 15. h3 Bh5 16. Re3 f5 17. Qe1 f4 18. Re6 Qd7 19. Nh4 Rbe8 20. Bf5 Rxf5 21.
Rxe8+ Bxe8 22. Nxf5 Bg6 23. Nxh6+ gxh6 24. Rxb7 h5 25. Qc1 Qc8 26. Rb5 Qf5 27.
Rb7 Qc8 28. Rb5 Qf5 29. Rb7 Nd8 30. Rxc7 Nf7 31. Qe1 Ng5 32. Qe5 Ne6 33. Qxf5
Bxf5 34. Rxa7 f3 35. gxf3 Bxh3 36. Ra5 Nf4 37. Kh2 Be6 38. a4 Ne2 39. Rc5 Nf4
40. a5 Nd3 41. Rc7 Nb2 42. a6 Na4 43. a7 Nb6 44. Rc6 1-0

[Event "SR 5. liga SE-SI 2014/2015"]
[Site "?"]
[Date "2015.01.10"]
[Round "6.3"]
[White "Kanka, Tomas"]
[Black "Bartos, Bohumil"]
[Result "1/2-1/2"]
[WhiteElo "1723"]
[BlackElo "1502"]
[PlyCount "65"]
[EventDate "2014.??.??"]

1. e4 c5 2. Nf3 Nc6 3. d4 cxd4 4. Nxd4 Nf6 5. Nc3 e5 6. Ndb5 d6 7. Nd5 Nxd5 8.
exd5 Ne7 9. c4 a6 10. Qa4 Ng6 11. Nc7+ Ke7 12. Nxa8 Bd7 13. Qb4 Qxa8 14. Bd3
Qc8 15. O-O Ke8 16. f4 f5 17. fxe5 dxe5 18. Qe1 Be7 19. Kh1 e4 20. Bxe4 fxe4
21. Qxe4 Qc5 22. Be3 Qc8 23. d6 Bc6 24. Qd4 Bf6 25. Qd2 Nh4 26. Rf2 Be5 27. Rd1
Qh3 28. d7+ Qxd7 29. Qxd7+ Bxd7 30. Bg5 Ng6 31. Re1 Rf8 32. Rfe2 Rf5 33. Bd2
1/2-1/2

[Event "SR 5. liga SE-SI 2014/2015"]
[Site "?"]
[Date "2015.01.10"]
[Round "6.3"]
[White "Danihel, Jozef"]
[Black "Kastler, Peter"]
[Result "0-1"]
[WhiteElo "1574"]
[BlackElo "1757"]
[PlyCount "102"]
[EventDate "2014.??.??"]

1. d4 d5 2. c4 e6 3. a3 Nf6 4. Bg5 Be7 5. Nc3 c6 6. e3 Nbd7 7. Nf3 O-O 8. Qc2
b6 9. Bd3 Bb7 10. Ne5 h6 11. Bh4 Rc8 12. h3 Nxe5 13. dxe5 Nd7 14. Bg3 f6 15.
exf6 Bxf6 16. O-O Ne5 17. Bxe5 Bxe5 18. Rac1 Rc7 19. Ne2 Rcf7 20. f4 Bd6 21.
Bg6 Rc7 22. Qd3 Bc5 23. Rf3 Qe7 24. b4 Bd6 25. Rg3 e5 26. f5 e4 27. Qc2 Bxg3
28. Nxg3 Qe5 29. Ne2 Ba6 30. Nd4 Bc8 31. Rf1 Bd7 32. Rf4 c5 33. Nb3 Ba4 34.
cxd5 Qxd5 35. f6 Bxb3 36. Bxe4 Qd1+ 37. Qxd1 Bxd1 38. Bd5+ Kh8 39. f7 Bh5 40.
bxc5 Rxc5 41. e4 g5 42. Rf6 Kg7 43. Rd6 Rc7 44. e5 Bxf7 45. e6 Bg8 46. h4 Re7
47. hxg5 hxg5 48. Kh2 Rfe8 49. Kg3 Bxe6 50. Bc6 Rf8 51. a4 Rf4 0-1

[Event "SR 5. liga SE-SI 2014/2015"]
[Site "?"]
[Date "2015.01.10"]
[Round "6.3"]
[White "Papanek, Lubomir"]
[Black "Spanik, Ondrej"]
[Result "1-0"]
[WhiteElo "1616"]
[BlackElo "1228"]
[PlyCount "91"]
[EventDate "2014.??.??"]

1. d4 d5 2. c4 Nf6 3. e3 e6 4. Nf3 Bb4+ 5. Bd2 Bxd2+ 6. Nbxd2 O-O 7. Bd3 g6 8.
O-O Nc6 9. a3 Re8 10. Re1 dxc4 11. Bxc4 Qd6 12. Qc2 e5 13. dxe5 Nxe5 14. Rad1
Nxc4 15. Qxc4 Be6 16. Qc3 Qe7 17. e4 Rad8 18. Qe3 b6 19. Ne5 Qc5 20. Qxc5 bxc5
21. f3 Rb8 22. Nec4 Bxc4 23. Nxc4 Rbd8 24. Rxd8 Rxd8 25. Re2 Rd4 26. Rc2 Nd7
27. Na5 Ra4 28. Nc6 Ra6 29. Ne7+ Kf8 30. Nd5 Rc6 31. Ne3 Nb6 32. Kf2 Na4 33.
Nc4 Nb6 34. Na5 Rd6 35. Ke2 Na4 36. b3 Ra6 37. Nc4 Nb6 38. a4 Nxc4 39. Rxc4 Rb6
40. Rxc5 Rxb3 41. Rxc7 Rb2+ 42. Kf1 Rb1+ 43. Kf2 Rb2+ 44. Kg3 a5 45. Rc5 h5 46.
h4 1-0

[Event "SR 5. liga SE-SI 2014/2015"]
[Site "?"]
[Date "2015.01.10"]
[Round "6.3"]
[White "Spacek, Jan"]
[Black "Mraz, Jan"]
[Result "0-1"]
[WhiteElo "1119"]
[BlackElo "1000"]
[PlyCount "82"]
[EventDate "2014.??.??"]

1. e4 e6 2. d4 g6 3. Nf3 Bg7 4. c3 b6 5. Bf4 Bb7 6. Bd3 d6 7. Nbd2 Nd7 8. Qb3
Ne7 9. O-O-O d5 10. e5 c5 11. Qa3 c4 12. Bc2 b5 13. Bg5 a5 14. Rde1 h6 15. Bxe7
Qxe7 16. Qxe7+ Kxe7 17. b3 Rhb8 18. Re3 cxb3 19. Nxb3 a4 20. Na1 Nb6 21. Nd2 h5
22. h3 Nc4 23. Nxc4 dxc4 24. Rg1 Bh6 25. Rge1 Bxg2 26. h4 Bd5 27. a3 Rg8 28.
Kd1 Bxe3 29. Rxe3 g5 30. Rh3 gxh4 31. Rh1 Bxh1 32. Kc1 Rg1+ 33. Kb2 Rag8 34. d5
exd5 35. e6 fxe6 36. Ka2 R8g2 37. Kb2 Rxf2 38. Ka2 Be4 39. Kb2 Bxc2 40. Nxc2
Rgg2 41. Ka2 Rxc2+ 0-1

[Event "SR 5. liga SE-SI 2014/2015"]
[Site "?"]
[Date "2015.01.10"]
[Round "6.4"]
[White "Sobek, Michal"]
[Black "Brunovsky, Peter"]
[Result "1/2-1/2"]
[WhiteElo "1684"]
[BlackElo "1869"]
[PlyCount "86"]
[EventDate "2014.??.??"]

1. e4 c6 2. d4 d5 3. Nc3 dxe4 4. Nxe4 Nf6 5. Ng3 g6 6. Nf3 Bg7 7. Bc4 O-O 8.
Be3 Nbd7 9. Qd2 Ng4 10. Bf4 e5 11. Bg5 Qb6 12. c3 exd4 13. cxd4 Re8+ 14. Be2 c5
15. h3 Ngf6 16. O-O cxd4 17. Nxd4 Ne4 18. Nxe4 Rxe4 19. Nb3 Nf6 20. Be3 Qb4 21.
Qxb4 Rxb4 22. Bf3 Ne4 23. Rab1 Be6 24. Bxe4 Rxe4 25. Nc5 Rb4 26. Nxe6 fxe6 27.
b3 Rc8 28. Rbc1 Rxc1 29. Rxc1 a6 30. Rc8+ Kf7 31. Bc5 Re4 32. Kf1 Be5 33. Ba7
h5 34. Bb8 Bxb8 35. Rxb8 Rb4 36. Ke2 a5 37. Ra8 b6 38. Ra6 Kf6 39. Kd3 Ke5 40.
f3 h4 41. Ra8 g5 42. Rf8 Rd4+ 43. Ke2 Rb4 1/2-1/2

[Event "SR 5. liga SE-SI 2014/2015"]
[Site "?"]
[Date "2015.01.10"]
[Round "6.4"]
[White "Butas, Adam"]
[Black "Klimes, Karel"]
[Result "0-1"]
[WhiteElo "1000"]
[BlackElo "1688"]
[PlyCount "54"]
[EventDate "2014.??.??"]

1. e4 e5 2. Nf3 Nc6 3. Nc3 d6 4. Bc4 Nf6 5. d3 Be7 6. h3 a5 7. a4 O-O 8. Be3
Bd7 9. Ng5 Ne8 10. Nxf7 Rxf7 11. Bxf7+ Kxf7 12. Qf3+ Nf6 13. Nd5 Kg8 14. Nxe7+
Qxe7 15. Bg5 Nd4 16. Bxf6 Nxf3+ 17. gxf3 Qxf6 18. Rg1 Qxf3 19. Rg3 Qh1+ 20. Ke2
Qxa1 21. Kf3 Rf8+ 22. Kg2 Qe1 23. Kh2 Rxf2+ 24. Rg2 g6 25. Kg3 Qe3+ 26. Kh4
Qxh3+ 27. Kg5 Qh5# 0-1

[Event "SR 5. liga SE-SI 2014/2015"]
[Site "?"]
[Date "2015.01.10"]
[Round "6.4"]
[White "Filipek, Norbert"]
[Black "Hyza, Richard"]
[Result "1-0"]
[WhiteElo "1414"]
[BlackElo "1000"]
[PlyCount "59"]
[EventDate "2014.??.??"]

1. e4 e5 2. Nf3 Nc6 3. d4 f6 4. dxe5 Nxe5 5. Nxe5 fxe5 6. Bc4 Bc5 7. Qh5+ g6 8.
Qxe5+ Qe7 9. Qxe7+ Bxe7 10. O-O d6 11. Nc3 Bd7 12. Bxg8 Rxg8 13. Nd5 Bd8 14.
Bh6 c6 15. Nc3 Bf6 16. Bf4 Be5 17. Bxe5 dxe5 18. f4 Rf8 19. fxe5 Rxf1+ 20. Rxf1
O-O-O 21. Rf6 Kb8 22. Ne2 Be8 23. Rd6 Rxd6 24. exd6 Kc8 25. c4 Kd7 26. c5 Ke6
27. Kf2 g5 28. Ke3 Bh5 29. Nd4+ Ke5 30. d7 1-0

[Event "SR 5. liga SE-SI 2014/2015"]
[Site "?"]
[Date "2015.01.10"]
[Round "6.4"]
[White "Daniel, Jakub"]
[Black "Sobekova, Adela"]
[Result "0-1"]
[WhiteElo "1000"]
[BlackElo "1000"]
[PlyCount "74"]
[EventDate "2014.??.??"]

1. e4 e5 2. Nf3 Nc6 3. Nc3 Nf6 4. Bc4 Nxe4 5. Nxe4 d5 6. Bxd5 Qxd5 7. d3 Bf5 8.
Ng3 e4 9. Nxe4 Bxe4 10. Nd2 Bxg2 11. Rg1 Qe5+ 12. Ne4 Qxh2 13. Kd2 Bxe4 14. Rh1
Bxh1 15. Qe1+ Kd7 16. Kd1 Bf3+ 17. Kd2 Qf4+ 18. Qe3 Qxe3+ 19. fxe3 Re8 20. b3
Bc5 21. d4 Nxd4 22. exd4 Bxd4 23. c3 Be3+ 24. Kc2 Bxc1 25. Rxc1 Re2+ 26. Kb1
Be4+ 27. Ka1 h5 28. Rd1+ Kc6 29. a4 h4 30. Re1 Rxe1+ 31. Kb2 h3 32. Ka3 h2 33.
b4 h1=Q 34. b5+ Kc5 35. Kb3 Bd5+ 36. Ka3 Ra1+ 37. Kb2 Ra2# 0-1

[Event "SR 5. liga SE-SI 2014/2015"]
[Site "?"]
[Date "2015.01.10"]
[Round "6.4"]
[White "Fajtakova, Silvia"]
[Black "Horinka, Tomas"]
[Result "1-0"]
[WhiteElo "1188"]
[BlackElo "1000"]
[PlyCount "57"]
[EventDate "2014.??.??"]

1. e4 e5 2. Nf3 Nc6 3. Bb5 a6 4. Ba4 Bb4 5. O-O d6 6. d4 exd4 7. Nxd4 Nf6 8.
Nxc6 Qd7 9. Nxb4 Qxa4 10. c3 Bg4 11. Qxa4+ b5 12. Qa5 c5 13. Nxa6 Bc8 14. Nc7+
Kd7 15. Nxa8 Nxe4 16. Nb6+ Kd8 17. Nxc8+ Kxc8 18. Na3 Re8 19. Nxb5 Kd7 20. Qc7+
Ke6 21. Re1 d5 22. Qd6+ Kf5 23. Qxd5+ Kf6 24. Rxe4 Rf8 25. Qd6+ Kf5 26. Rf4+
Kg5 27. Rxf7+ Kh4 28. Qf4+ Kh5 29. Qg5# 1-0

[Event "SR 5. liga SE-SI 2014/2015"]
[Site "?"]
[Date "2015.01.10"]
[Round "6.5"]
[White "Ulehla, Jakub"]
[Black "Huska, Branislav"]
[Result "1/2-1/2"]
[WhiteElo "1479"]
[BlackElo "1689"]
[PlyCount "44"]
[EventDate "2014.??.??"]

1. e4 c5 2. Nf3 d6 3. d4 cxd4 4. Nxd4 Nf6 5. Nc3 a6 6. Be2 e5 7. Nf3 b5 8. Bg5
Be7 9. Bxf6 Bxf6 10. O-O O-O 11. Nd5 Nd7 12. Qd2 Nc5 13. Rad1 Nxe4 14. Nxf6+
Qxf6 15. Qd5 Bf5 16. Bd3 Ng5 17. Nxg5 Qxg5 18. Bxf5 Qxf5 19. Qxd6 Qxc2 20. Qxe5
Rfe8 21. Rc1 Rxe5 22. Rxc2 Rae8 1/2-1/2

[Event "SR 5. liga SE-SI 2014/2015"]
[Site "?"]
[Date "2015.01.10"]
[Round "6.5"]
[White "Macalka, Ondrej"]
[Black "Trojkova, Michaela"]
[Result "1/2-1/2"]
[WhiteElo "1499"]
[BlackElo "1461"]
[PlyCount "166"]
[EventDate "2014.??.??"]

1. e4 c5 2. Nf3 Nc6 3. c3 g6 4. d4 cxd4 5. cxd4 Bg7 6. Be3 d6 7. Nbd2 Bg4 8. h3
Bd7 9. a3 Nf6 10. Bc4 O-O 11. Rc1 a6 12. b4 b5 13. Bb3 a5 14. d5 Na7 15. O-O a4
16. Bc2 Nc8 17. Bd3 Ne8 18. Rc2 Rb8 19. Qe2 Rb7 20. Rfc1 Rb8 21. Nd4 Bxd4 22.
Bxd4 e5 23. dxe6 fxe6 24. e5 Qh4 25. Bb2 Qf4 26. Nf3 Qf7 27. exd6 Ncxd6 28. Ne5
Qe7 29. Qg4 Nf5 30. Qe2 Nfd6 31. Nc6 Bxc6 32. Rxc6 Qd7 33. Be5 Nc4 34. Bxc4
Qxc6 35. Bxb8 bxc4 36. Qxc4 Qb6 37. Bg3 Nf6 38. Qc6 Qxc6 39. Rxc6 Ra8 40. Rxe6
Nd5 41. Bd6 Ra6 42. Re8+ Kf7 43. Rd8 Nf6 44. Bc5 Rc6 45. Ra8 Ne4 46. Rxa4 Nxc5
47. bxc5 Rxc5 48. Ra7+ Kf6 49. Rxh7 Ra5 50. Rh4 Rxa3 51. Rd4 Ke5 52. Rd1 Kf5
53. g3 Kf6 54. Kg2 Kf5 55. Rh1 Kg5 56. h4+ Kg4 57. Rc1 Kh5 58. Rc5+ Kh6 59. Re5
Rb3 60. g4 Rb4 61. Kg3 Rb3+ 62. Re3 Rb4 63. f4 Rc4 64. Rf3 Kg7 65. f5 Kf6 66.
fxg6+ Kxg6 67. Rd3 Rb4 68. Rd6+ Kg7 69. h5 Rb5 70. Kh4 Rb4 71. h6+ Kh7 72. Kh5
Rb5+ 73. g5 Rb8 74. Rd7+ Kh8 75. Rd5 Kh7 76. g6+ Kh8 77. g7+ Kh7 78. Rg5 Rg8
79. Rf5 Rxg7 80. hxg7 Kxg7 81. Kg5 Kg8 82. Rd5 Kf7 83. Rd7+ Ke6 {
biely prekrocil cas} 1/2-1/2

[Event "SR 5. liga SE-SI 2014/2015"]
[Site "?"]
[Date "2015.01.10"]
[Round "6.5"]
[White "Kaufman, Robert"]
[Black "Hurban, Tomas"]
[Result "0-1"]
[WhiteElo "1127"]
[BlackElo "1356"]
[PlyCount "58"]
[EventDate "2014.??.??"]

1. e4 e5 2. Nf3 f6 3. Bc4 Bc5 4. O-O d6 5. d3 Bg4 6. c3 Nc6 7. b4 Bb6 8. Be3
Qd7 9. Nbd2 Nh6 10. a4 Nf7 11. a5 Bxe3 12. fxe3 Ng5 13. Qb3 O-O-O 14. Nxg5 fxg5
15. Be6 Bxe6 16. c4 Rhf8 17. Rfc1 Rf6 18. b5 Nb8 19. b6 cxb6 20. axb6 a6 21.
Qb2 Rdf8 22. c5 Nc6 23. cxd6 Rf2 24. Qc3 Bh3 25. g3 Rg2+ 26. Kh1 Rff2 27. Nc4
Rxh2+ 28. Kg1 Rfg2+ 29. Kf1 Rh1# 0-1

[Event "SR 5. liga SE-SI 2014/2015"]
[Site "?"]
[Date "2015.01.10"]
[Round "6.5"]
[White "Petras, Michal"]
[Black "Jankovic, Frantisek"]
[Result "1-0"]
[WhiteElo "1255"]
[BlackElo "1133"]
[PlyCount "49"]
[EventDate "2014.??.??"]

1. e4 e5 2. Bc4 Nf6 3. d3 Bc5 4. c3 Nc6 5. Nf3 O-O 6. O-O d5 7. exd5 Nxd5 8.
Re1 Bg4 9. Nbd2 Re8 10. Qb3 Na5 11. Qa4 Nc6 12. Bxd5 Qxd5 13. Qxg4 Qxd3 14. Nb3
Bb6 15. Bh6 g6 16. Rad1 Qc2 17. Rd2 Qf5 18. Qxf5 gxf5 19. Rd5 Re6 20. Bg5 h6
21. Bh4 Kh7 22. Nxe5 Nxe5 23. Rdxe5 Rxe5 24. Rxe5 Rd8 25. Bxd8 1-0

[Event "SR 5. liga SE-SI 2014/2015"]
[Site "?"]
[Date "2015.01.10"]
[Round "6.5"]
[White "Oslej, Marek"]
[Black "Cibula, Marian"]
[Result "0-1"]
[WhiteElo "1000"]
[BlackElo "1000"]
[PlyCount "68"]
[EventDate "2014.??.??"]

1. e4 e5 2. Nf3 Nc6 3. Bc4 Bc5 4. Nc3 d6 5. d3 Nf6 6. Bg5 Be6 7. Bxe6 fxe6 8.
O-O d5 9. exd5 exd5 10. h3 Qd6 11. Bxf6 Qxf6 12. Nb5 O-O-O 13. Qd2 e4 14. Qg5
exf3 15. Qxf6 gxf6 16. gxf3 Bd4 17. c3 Bc5 18. b4 a6 19. Na3 Bd6 20. Nc2 Be5
21. d4 Bf4 22. a4 Bd2 23. b5 Bxc3 24. Ra3 Bxd4 25. bxc6 bxc6 26. Nxd4 c5 27.
Nc6 Rd6 28. Na7+ Kb7 29. Nb5 axb5 30. axb5 d4 31. Rd1 Rhd8 32. Ra6 Rxa6 33.
bxa6+ Kxa6 34. h4 d3 0-1

[Event "SR 5. liga SE-SI 2014/2015"]
[Site "?"]
[Date "2015.01.10"]
[Round "6.6"]
[White "Buran, Andrej"]
[Black "Holiencin, Filip"]
[Result "1/2-1/2"]
[WhiteElo "1586"]
[BlackElo "1845"]
[PlyCount "93"]
[EventDate "2014.??.??"]

1. e4 c5 2. Nf3 d6 3. d4 cxd4 4. Nxd4 Nf6 5. Nc3 a6 6. a4 e5 7. Nb3 Be6 8. Bd3
Be7 9. O-O O-O 10. f4 Qc7 11. f5 Bc4 12. Bxc4 Qxc4 13. Nd5 Nxd5 14. Qxd5 Qxd5
15. exd5 b6 16. Be3 Nd7 17. c4 a5 18. Rfc1 Nc5 19. Nxc5 bxc5 20. Rcb1 Rfb8 21.
b3 Rb7 22. Ra3 Rab8 23. Bd2 Bd8 24. Kf2 f6 25. g4 g6 26. h3 Kh8 27. h4 gxf5 28.
gxf5 h5 29. Bc3 Kh7 30. Bd2 Rg7 31. Rg1 Rxg1 32. Kxg1 Rb7 33. Kh2 Rg7 34. Ra1
Rg4 35. Kh3 Rd4 36. Be1 Rf4 37. Ra2 Rxf5 38. Rf2 Rxf2 39. Bxf2 Kg6 40. Kg3 f5
41. Kf3 Kf6 42. Ke3 Kg6 43. Kf3 Kf7 44. Ke3 Kg6 45. Kf3 Bf6 46. Ke3 Bd8 47. Kf3
1/2-1/2

[Event "SR 5. liga SE-SI 2014/2015"]
[Site "?"]
[Date "2015.01.10"]
[Round "6.6"]
[White "Vach, Jozef"]
[Black "Hrdlicka, Martin"]
[Result "1-0"]
[WhiteElo "1778"]
[BlackElo "1232"]
[PlyCount "77"]
[EventDate "2014.??.??"]

1. d4 d5 2. Nf3 e6 3. Bg5 Be7 4. Bxe7 Qxe7 5. Nbd2 Nf6 6. e3 O-O 7. Bd3 Nbd7 8.
Ne5 Qd6 9. f4 b6 10. c3 c5 11. Rc1 c4 12. Bb1 Bb7 13. O-O Rac8 14. Qf3 h6 15.
g4 Nh7 16. Rf2 f6 17. Ng6 Rfe8 18. h4 e5 19. fxe5 Qe6 20. Bf5 Qf7 21. e6 Rxe6
22. Bxe6 Qxe6 23. Rcf1 Re8 24. Re1 Kf7 25. Nf4 Qd6 26. g5 Kg8 27. gxh6 gxh6 28.
Qg4+ Kh8 29. Ng6+ Kg7 30. Rg2 Ng5 31. hxg5 hxg5 32. Nh4 Qe6 33. Qh5 Nf8 34.
Nf5+ Qxf5 35. Qxe8 Ng6 36. Rf1 Qh3 37. Rf3 Qh4 38. Qd7+ Kh6 39. Rh3 1-0

[Event "SR 5. liga SE-SI 2014/2015"]
[Site "?"]
[Date "2015.01.10"]
[Round "6.6"]
[White "Musaev, Urmat"]
[Black "Steiner, Juraj"]
[Result "1-0"]
[WhiteElo "1000"]
[BlackElo "1000"]
[PlyCount "53"]
[EventDate "2014.??.??"]

1. e4 e5 2. Nf3 Nc6 3. Bc4 Nf6 4. c3 d5 5. exd5 Nxd5 6. Qb3 Be6 7. O-O Qd7 8.
Qxb7 Rb8 9. Qa6 Rb6 10. Qa4 Bg4 11. Bxd5 Qxd5 12. Qxg4 e4 13. Qc8+ Nd8 14. Re1
Re6 15. Nd4 Rg6 16. d3 e3 17. Rxe3+ Be7 18. g3 Qd6 19. Nf5 Qc5 20. Rxe7+ Qxe7
21. Nxe7 Kxe7 22. Qxc7+ Ke8 23. Be3 Nc6 24. Nd2 Nd8 25. Re1 Ne6 26. Bc5 Rg5 27.
Qe7# 1-0

[Event "SR 5. liga SE-SI 2014/2015"]
[Site "?"]
[Date "2015.01.10"]
[Round "6.6"]
[White "Horak, Viliam"]
[Black "Musaev, Matej Elbek"]
[Result "0-1"]
[WhiteElo "1000"]
[BlackElo "1070"]
[PlyCount "58"]
[EventDate "2014.??.??"]

1. d4 d5 2. c4 e6 3. Nc3 Nf6 4. Bg5 Bb4 5. Nf3 O-O 6. e3 Nc6 7. Bd3 dxc4 8.
Bxc4 b6 9. O-O Bb7 10. e4 Bxc3 11. bxc3 Na5 12. Bb5 Bxe4 13. Bxf6 Qxf6 14. Re1
Bxf3 15. gxf3 Qg5+ 16. Kh1 Qxb5 17. Re5 Qc4 18. Qc1 Nc6 19. Re4 Qd5 20. Qf4 Qd6
21. Qg4 f5 22. Rxe6 Qxe6 23. Qf4 Rf6 24. Qxc7 Rb8 25. Qg3 Rg6 26. Qh3 Re8 27.
Qf1 Qd5 28. Re1 Qxf3+ 29. Qg2 Qxg2# 0-1

[Event "SR 5. liga SE-SI 2014/2015"]
[Site "?"]
[Date "2015.01.24"]
[Round "7.1"]
[White "Holiencin, Filip"]
[Black "Celustkova, Lubica"]
[Result "1/2-1/2"]
[WhiteElo "1845"]
[BlackElo "1614"]
[PlyCount "75"]
[EventDate "2014.??.??"]

1. d4 Nf6 2. c4 g6 3. Nc3 Bg7 4. e4 d6 5. Nf3 O-O 6. Be2 Nbd7 7. Bg5 h6 8. Be3
Ng4 9. Qd2 Nxe3 10. Qxe3 c6 11. O-O e5 12. d5 cxd5 13. Nxd5 Nf6 14. Nxf6+ Qxf6
15. Rad1 Qe7 16. Qd3 Rd8 17. Ne1 f5 18. f3 f4 19. Nc2 h5 20. Nb4 Qg5 21. Nd5
Be6 22. Rf2 Rac8 23. Bf1 Rc5 24. Qa3 Bxd5 25. Rxd5 Rxd5 26. cxd5 a6 27. Rc2 Qe7
28. Qa5 Kh7 29. b4 Qe8 30. Qc7 Rd7 31. Qc8 Qe7 32. a4 Bf6 33. b5 a5 34. b6 Qd8
35. Qxd7+ Qxd7 36. Rc7 Qg7 37. Rxg7+ Kxg7 38. Bb5 1/2-1/2

[Event "SR 5. liga SE-SI 2014/2015"]
[Site "?"]
[Date "2015.01.24"]
[Round "7.1"]
[White "Wallner, Juraj"]
[Black "Cambal, Peter"]
[Result "1/2-1/2"]
[WhiteElo "1606"]
[BlackElo "1067"]
[PlyCount "85"]
[EventDate "2014.??.??"]

1. e4 c5 2. Nf3 d6 3. d4 cxd4 4. Nxd4 Nf6 5. Nc3 a6 6. Be3 e5 7. Nf3 h6 8. h3
Be7 9. Bd3 O-O 10. Qd2 Be6 11. O-O-O Nbd7 12. Nh2 d5 13. exd5 Bxd5 14. Nxd5
Nxd5 15. Bf5 Nxe3 16. fxe3 Nf6 17. Qe2 Qc7 18. Ng4 Rfd8 19. Nxf6+ Bxf6 20. e4
b5 21. Rd5 b4 22. Rhd1 Qb6 23. Qc4 Kf8 24. b3 a5 25. Rd7 Bg5+ 26. Kb2 Rxd7 27.
Rxd7 Be7 28. Qd5 Qd4+ 29. Qxd4 exd4 30. e5 Rd8 31. e6 g6 32. Bd3 fxe6 33. Rxd8+
Bxd8 34. Bxg6 Bg5 35. a3 Ke7 36. axb4 axb4 37. c4 bxc3+ 38. Kc2 Kd6 39. b4 e5
40. Kd3 Ke6 41. b5 Bd8 42. Be4 Kd6 43. Kc4 1/2-1/2

[Event "SR 5. liga SE-SI 2014/2015"]
[Site "?"]
[Date "2015.01.24"]
[Round "7.1"]
[White "Steiner, Juraj"]
[Black "Valigursky, Michal"]
[Result "0-1"]
[WhiteElo "1000"]
[BlackElo "1446"]
[PlyCount "108"]
[EventDate "2014.??.??"]

1. e4 e5 2. Nf3 Nc6 3. Nc3 Nf6 4. a3 d5 5. Bd3 Bg4 6. exd5 Nxd5 7. Be4 Nce7 8.
Qe2 Nf4 9. Qb5+ c6 10. Qxe5 Nxg2+ 11. Kf1 Bh3 12. Ng5 Qd7 13. Bxg2 Bxg2+ 14.
Kxg2 f6 15. Qe6 fxg5 16. Qxd7+ Kxd7 17. Kf1 g6 18. d3 h6 19. h4 g4 20. h5 Bg7
21. Ne4 b6 22. Rh4 gxh5 23. Rxh5 Raf8 24. Ke2 Nf5 25. Rh2 Nd4+ 26. Kd1 h5 27.
Be3 Nf3 28. Rh1 Bxb2 29. Rb1 Bxa3 30. Ng5 Nxg5 31. Bxg5 Rxf2 32. Ra1 Bd6 33.
Kc1 g3 34. Re1 Ra8 35. Bh4 Rh2 36. Re4 g2 37. Bf2 Rh1+ 38. Kb2 Rxa1 39. Kxa1
Rg8 40. Bg1 Re8 41. Kb1 Rxe4 42. dxe4 Bc5 43. Bh2 g1=Q+ 44. Bxg1 Bxg1 45. Kc1
h4 46. Kd2 a5 47. Kc3 h3 48. Kd3 h2 49. Ke2 h1=Q 50. Kf1 Bc5+ 51. Ke2 Qg2+ 52.
Kd3 Qf3+ 53. Kc4 b5+ 54. Kxc5 Qe3# 0-1

[Event "SR 5. liga SE-SI 2014/2015"]
[Site "?"]
[Date "2015.01.24"]
[Round "7.1"]
[White "Vozarova, Adriana"]
[Black "Svrcek, Daniel"]
[Result "1/2-1/2"]
[WhiteElo "1444"]
[BlackElo "1000"]
[PlyCount "64"]
[EventDate "2014.??.??"]

1. e4 e5 2. Nf3 Nc6 3. Bb5 Nf6 4. O-O Nxe4 5. d4 exd4 6. Nxd4 Nxd4 7. Qxd4 Nf6
8. Re1+ Be7 9. Qe5 c6 10. Bc4 d6 11. Qg3 O-O 12. Bg5 Re8 13. Nd2 Bf5 14. Bd3
Bxd3 15. Qxd3 Qd7 16. Re2 Rac8 17. Rae1 h6 18. Bh4 d5 19. Nf3 Bd8 20. Ne5 Qd6
21. Bg3 Qc7 22. Nc4 Rxe2 23. Rxe2 Qd7 24. Nd6 Ra8 25. Qb3 b6 26. Qd3 Be7 27.
Nf5 Re8 28. h3 Bd8 29. Rxe8+ Qxe8 30. Qf3 Ne4 31. Bf4 Bf6 32. c3 Qe6 1/2-1/2

[Event "SR 5. liga SE-SI 2014/2015"]
[Site "?"]
[Date "2015.01.24"]
[Round "7.1"]
[White "Horak, Viliam"]
[Black "Tomasovic, Pavol"]
[Result "0-1"]
[WhiteElo "1000"]
[BlackElo "1284"]
[PlyCount "122"]
[EventDate "2014.??.??"]

1. d4 d5 2. c4 e6 3. Nc3 Nf6 4. Bg5 Be7 5. Nf3 c6 6. e3 O-O 7. Bd3 Nbd7 8. O-O
dxc4 9. Bxc4 Nd5 10. Bxe7 Qxe7 11. Qc2 Nxc3 12. bxc3 e5 13. Bd3 g6 14. dxe5
Nxe5 15. Nxe5 Qxe5 16. Rfd1 Be6 17. Qd2 Rad8 18. Rab1 Rd7 19. Qc2 Rfd8 20. Rd2
Bf5 21. Rbd1 Bxd3 22. Rxd3 Rxd3 23. Rxd3 Rxd3 24. Qxd3 Qd5 25. Qxd5 cxd5 26.
Kf1 Kf8 27. Ke2 Ke7 28. Kd3 Kd6 29. f4 Kc5 30. h4 f5 31. g3 b5 32. a3 a6 33.
Kc2 Kc4 34. Kd2 Kb3 35. Kd3 Kxa3 36. Kd4 b4 37. cxb4 Kxb4 38. Kxd5 a5 39. g4
fxg4 40. e4 g3 41. e5 g2 42. e6 g1=Q 43. e7 Qc5+ 44. Ke6 Qf5+ 45. Kd6 Qxf4+ 46.
Ke6 Qf5+ 47. Kd6 Qf7 48. Kd7 a4 49. Kd8 Qd5+ 50. Ke8 a3 51. Kf8 Qf5+ 52. Ke8
Kc5 53. Kd8 Qd5+ 54. Ke8 Kd6 55. Kf8 Qf5+ 56. Ke8 Qe6 57. Kf8 Qxe7+ 58. Kg8 Ke6
59. Kh8 Kf6 60. h5 gxh5 61. Kg8 Qg7# 0-1

[Event "SR 5. liga SE-SI 2014/2015"]
[Site "?"]
[Date "2015.01.24"]
[Round "7.2"]
[White "Huska, Branislav"]
[Black "Diviak, Rastislav"]
[Result "1/2-1/2"]
[WhiteElo "1689"]
[BlackElo "2001"]
[PlyCount "124"]
[EventDate "2014.??.??"]

1. e4 c5 2. Nf3 d6 3. d4 cxd4 4. Nxd4 Nf6 5. Nc3 a6 6. Bg5 e6 7. f4 Be7 8. Qf3
Qc7 9. O-O-O Nbd7 10. Bd3 b5 11. Rhe1 Bb7 12. Qg3 Nc5 13. Kb1 b4 14. Nd5 exd5
15. exd5 O-O-O 16. Nf5 Bf8 17. Qh4 Nxd3 18. Rxd3 Qd7 19. Bxf6 gxf6 20. Qxf6 Rg8
21. Ne7+ Bxe7 22. Rxe7 Rde8 23. Rde3 Rxe7 24. Rxe7 Re8 25. Rxe8+ Qxe8 26. b3
Qe1+ 27. Kb2 Qc3+ 28. Qxc3+ bxc3+ 29. Kxc3 Bxd5 30. g3 Be4 31. Kd2 Kc7 32. c4
a5 33. a3 Kc6 34. Kc3 a4 35. b4 d5 36. Kd4 Bf3 37. b5+ Kb6 38. cxd5 Kxb5 39. d6
Bg4 40. Ke5 Be6 41. f5 Bd7 42. g4 Kc5 43. Kf6 Kxd6 44. Kxf7 Ke5 45. Kg7 h5 46.
gxh5 Bxf5 47. h6 Kd4 48. h7 Bxh7 49. Kxh7 Kc3 50. h4 Kb3 51. h5 Kxa3 52. h6 Kb2
53. Kg8 a3 54. h7 a2 55. h8=Q+ Kb1 56. Qh1+ Kb2 57. Qg2+ Kb1 58. Qf1+ Kb2 59.
Qe2+ Kb1 60. Qd1+ Kb2 61. Qd4+ Kb1 62. Qe5 a1=Q 1/2-1/2